Coastal management (Record no. 90406)

MARC details
000 -LEADER
fixed length control field 02672cam a2200697 4500
008 - FIXED-LENGTH DATA ELEMENTS--GENERAL INFORMATION
fixed length control field 090401t1989 xxu||||| |||| 00| 0 eng d
020 ## - INTERNATIONAL STANDARD BOOK NUMBER
International Standard Book Number 072771502X
035 ## - SYSTEM CONTROL NUMBER
System control number (Sirsi) u36924
041 ## - LANGUAGE CODE
Language code of text/sound track or separate title eng
050 ## - LIBRARY OF CONGRESS CALL NUMBER
Classification number 333.9164
-- 18
110 ## - MAIN ENTRY--CORPORATE NAME
Corporate name or jurisdiction name as entry element Institution of Civil Engineers
9 (RLIN) 1402
245 ## - TITLE STATEMENT
Title Coastal management
Remainder of title proceedings of the conference organized by the Maritime Engineering Board of the Institution of Civil Engineers and held in Bournemouth on 9-11 May 1989
260 ## - PUBLICATION, DISTRIBUTION, ETC.
Place of publication, distribution, etc. London
Name of publisher, distributor, etc. Thomas Telford
Date of publication, distribution, etc. 1989
300 ## - PHYSICAL DESCRIPTION
Extent 307p.
Dimensions 24cm.
350 ## - PRICE (NR) (BK AM CF MU VM SE) [OBSOLETE]
Price 45
505 ## - FORMATTED CONTENTS NOTE
Formatted contents note Legislation and policy: what is coastal management; legislation and policy; technical overview
505 ## - FORMATTED CONTENTS NOTE
Formatted contents note Coastal planning: a county council's approach; physical constraints on the planning of coastal development; a regional strategy
505 ## - FORMATTED CONTENTS NOTE
Formatted contents note Research: research on tides, surges and waves; research on beaches and coastal structures
505 ## - FORMATTED CONTENTS NOTE
Formatted contents note Caring for the environment: engineering conservation; nature conservation in coastal management; the Australian experience
505 ## - FORMATTED CONTENTS NOTE
Formatted contents note Coastal studies: the deterioration of a coastline; the Anglian sea defence management study; implications for climate change
505 ## - FORMATTED CONTENTS NOTE
Formatted contents note Coastal defence methods: beach management; marine resources; managemetn of coastal cliffss; coastal structures; scheme worthwhileness
505 ## - FORMATTED CONTENTS NOTE
Formatted contents note Engineering studies: case study at Camarthan Bay; evolution of the Bournemouth defences; Workington ironworks reclamation; Wirral scheme
650 ## - SUBJECT ADDED ENTRY--TOPICAL TERM
Topical term or geographic name entry element BOURNEMOUTH
650 ## - SUBJECT ADDED ENTRY--TOPICAL TERM
Topical term or geographic name entry element CARMARTHEN BAY
650 ## - SUBJECT ADDED ENTRY--TOPICAL TERM
Topical term or geographic name entry element WIRRAL
650 ## - SUBJECT ADDED ENTRY--TOPICAL TERM
Topical term or geographic name entry element WORKINGTON
690 ## - LOCAL SUBJECT ADDED ENTRY--TOPICAL TERM (OCLC, RLIN)
Topical term or geographic name as entry element PROPERTY-RURAL AND NATURAL ASSETS-RURAL AND NATURAL ASSET MANAGEMENT-COASTAL MANAGEMENT
700 ## - ADDED ENTRY--PERSONAL NAME
Personal name Barrett, M. G.
700 ## - ADDED ENTRY--PERSONAL NAME
Personal name Park, J. R.
700 ## - ADDED ENTRY--PERSONAL NAME
Personal name Whittle, I. R.
700 ## - ADDED ENTRY--PERSONAL NAME
Personal name Bell, P.
700 ## - ADDED ENTRY--PERSONAL NAME
Personal name Brook, D.
700 ## - ADDED ENTRY--PERSONAL NAME
Personal name Hall, B.
700 ## - ADDED ENTRY--PERSONAL NAME
Personal name Alcock, G.
700 ## - ADDED ENTRY--PERSONAL NAME
Personal name Owen, M. W.
700 ## - ADDED ENTRY--PERSONAL NAME
Personal name Roberts, A. G
700 ## - ADDED ENTRY--PERSONAL NAME
Personal name Duff, K. L.
700 ## - ADDED ENTRY--PERSONAL NAME
Personal name Miller, I. R. W.
700 ## - ADDED ENTRY--PERSONAL NAME
Personal name Mumford, P. A.
700 ## - ADDED ENTRY--PERSONAL NAME
Personal name Wakelin, M. J.
700 ## - ADDED ENTRY--PERSONAL NAME
Personal name Flemming, C. A.
700 ## - ADDED ENTRY--PERSONAL NAME
Personal name Clayton, K. M.
700 ## - ADDED ENTRY--PERSONAL NAME
Personal name Shave, K. J.
700 ## - ADDED ENTRY--PERSONAL NAME
Personal name Parrish, F.
700 ## - ADDED ENTRY--PERSONAL NAME
Personal name McGown, A.
700 ## - ADDED ENTRY--PERSONAL NAME
Personal name Woodrow, L. K. R.
700 ## - ADDED ENTRY--PERSONAL NAME
Personal name Pallett, N.
700 ## - ADDED ENTRY--PERSONAL NAME
Personal name Young, S. W.
700 ## - ADDED ENTRY--PERSONAL NAME
Personal name Penning-Rowsell, Edmund C
700 ## - ADDED ENTRY--PERSONAL NAME
Personal name Coker, A.
700 ## - ADDED ENTRY--PERSONAL NAME
Personal name N'Jai, A.
700 ## - ADDED ENTRY--PERSONAL NAME
Personal name Parker, D. J.
700 ## - ADDED ENTRY--PERSONAL NAME
Personal name Tunstall, S. M.
700 ## - ADDED ENTRY--PERSONAL NAME
Personal name Barber, P. C.
700 ## - ADDED ENTRY--PERSONAL NAME
Personal name Thomas, R. P
700 ## - ADDED ENTRY--PERSONAL NAME
Personal name Lelliott, R. E. L.
700 ## - ADDED ENTRY--PERSONAL NAME
Personal name Empsall, B.
700 ## - ADDED ENTRY--PERSONAL NAME
Personal name Davies, C. D.
942 ## - ADDED ENTRY ELEMENTS (KOHA)
Suppress in OPAC 0
948 ## - LOCAL PROCESSING INFORMATION (OCLC); SERIES PART DESIGNATOR (RLIN)
c (OCLC) 04/03/1997
Holdings
Withdrawn status Lost status Source of classification or shelving scheme Damaged status Not for loan Home library Current library Shelving location Date acquired Cost, normal purchase price Total Checkouts Full call number Barcode Date last seen Copy number Cost, replacement price Price effective from Koha item type
    Dewey Decimal Classification     London London Books 14/09/1999 45.00   333.9164 INS 30003003 06/08/2019 1 45.00 06/08/2019 Book